SHORT TB OF PSYCHIATRY FOR UNDERGRADUATE STUDENTS (Record no. 653)
[ view plain ]
| 000 -LEADER | |
|---|---|
| fixed length control field | 00333nam a2200133Ia 4500 |
| 008 - FIXED-LENGTH DATA ELEMENTS--GENERAL INFORMATION | |
| fixed length control field | 150201s2006 xx 000 0 und d |
| 082 ## - DEWEY DECIMAL CLASSIFICATION NUMBER | |
| Classification number | 616.8 |
| Item number | P06B |
| 100 ## - MAIN ENTRY--PERSONAL NAME | |
| Personal name | BATRA,LALIT |
| 245 ## - TITLE STATEMENT | |
| Title | SHORT TB OF PSYCHIATRY FOR UNDERGRADUATE STUDENTS |
| 250 ## - EDITION STATEMENT | |
| Edition statement | 1ST |
| 260 ## - PUBLICATION, DISTRIBUTION, ETC. (IMPRINT) | |
| Name of publisher, distributor, etc. | PEEPEE |
| Place of publication, distribution, etc. | DELHI |
| Date of publication, distribution, etc. | 2006 |
| 650 ## - SUBJECT ADDED ENTRY--TOPICAL TERM | |
| Topical term or geographic name as entry element | PSYCHIATRY |
| 942 ## - ADDED ENTRY ELEMENTS (KOHA) | |
| Source of classification or shelving scheme | Dewey Decimal Classification |
| Koha item type | Books |
| Withdrawn status | Lost status | Source of classification or shelving scheme | Damaged status | Not for loan | Collection code | Home library | Current library | Shelving location | Date acquired | Source of acquisition | Cost, normal purchase price | SGTU | Bill Number | Total Checkouts | Full call number | Barcode | Date last seen | Bill Date | Koha item type | Date last checked out |
|---|---|---|---|---|---|---|---|---|---|---|---|---|---|---|---|---|---|---|---|---|
| Dewey Decimal Classification | MEDICAL | SGT Medical Library | SGT Medical Library | Text Book | 26/02/2010 | U.B.S. DELHI | 100.00 | SGTU | 994 | 616.8 P06B | FM2976 | 09/02/2015 | 26/02/2010 | Books | ||||||
| Dewey Decimal Classification | MEDICAL | SGT Medical Library | SGT Medical Library | Text Book | 26/02/2010 | U.B.S. DELHI | 100.00 | SGTU | 994 | 616.8 P06B | FM2977 | 09/02/2015 | 26/02/2010 | Books | ||||||
| Dewey Decimal Classification | MEDICAL | SGT Medical Library | SGT Medical Library | Text Book | 26/02/2010 | U.B.S. DELHI | 100.00 | SGTU | 994 | 616.8 P06B | FM2978 | 09/02/2015 | 26/02/2010 | Books | ||||||
| Dewey Decimal Classification | MEDICAL | SGT Medical Library | SGT Medical Library | Text Book | 26/02/2010 | U.B.S. DELHI | 100.00 | SGTU | 994 | 1 | 616.8 P06B | FM2979 | 17/09/2018 | 26/02/2010 | Books | 03/09/2018 | ||||
| Dewey Decimal Classification | MEDICAL | SGT Medical Library | SGT Medical Library | Text Book | 26/02/2010 | U.B.S. DELHI | 100.00 | SGTU | 994 | 616.8 P06B | FM2980 | 09/02/2015 | 26/02/2010 | Books |